000 00243nam a22000857a 4500
008 161111b xxu||||| |||| 00| 0 eng d
100 _91132
_aBhattacharya
245 _aKit of Essential play materials teachers guide
260 _aNew Delhi
_bNCERT
_c2007
999 _c3793
_d3793